La reforma de la Jurisdiccin̤ Voluntaria: Textos prelegislativos, legislativos y tramitacin̤ parlamentaria

Detalles Bibliográficos
Autor principal: de Bujǹ y Fernǹdez, Antonio Fernǹdez
Formato: Libro
Lenguaje:español
Publicado: Madrid Dykinson 2016
Materias:
Acceso en línea:Acceso restringido

MARC

LEADER 00000nam a22000007a 4500
005 20160503145426.0
007 cr|||| ||u|
008 160503s2016 sp ||||| |||| 00||0 spa d
020 |a 978-84-9085-450-1 
035 |a 14193 
040 |a vLex  
090 |c 6049  |d 6049 
100 1 |a de Bujǹ y Fernǹdez, Antonio Fernǹdez  
245 1 0 |a La reforma de la Jurisdiccin̤ Voluntaria: Textos prelegislativos, legislativos y tramitacin̤ parlamentaria  |h [Recurso electrn̤ico] /  |c 2016  
256 |a Servicio en ln̕ea  
260 |a Madrid  |b Dykinson  |c 2016 
300 |a 1 recurso electrn̤ico  
506 1 |a Contenido solo disponible en los productos indicados  |d vLex Global  |d vLex Global (Academic Edition, excluding Law Schools)  |d vLex Global (U.S. Academic Edition, Law Schools)  |d vLex Global (U.S. Academic Edition, excluding Law Schools)  |d vLex Global (Academic Edition, Law Schools) 
650 0 4 |a Legislacin̤   |z Madrid 
740 0 |a vLex libros (servicio en ln̕ea)  
856 4 0 |u http://vlex.com/source/reforma-jurisdiccion-voluntaria-14193  |z Acceso restringido  
942 |c BOOK 
999 0 |a Legislation  |b Madrid